Pokemon au talent qui immunise face à un type - Statistiques

Statistiques générales
  • Ce quiz a été pris 334 fois
    331 depuis la dernière actualisation
  • Le résultat moyen est 64 sur 137
Statistiques - réponses
Talent Pokémon % Correct
134 Aquali
87%
Terre Finale 383 Primo-Groudon
84%
Absorb Volt 135 Voltali
84%
Mer Primaire 382 Primo-Kyogre
83%
Souffle Delta² 384 Méga-Rayquaza
78%
Absorb Eau 061 Ptitard
73%
063 Tartard
73%
062 Têtarte
73%
059 Arcanin
72%
136 Pyroli
72%
Paratonnerre 025 Pikachu
71%
058 Caninos
70%
026 Raichu
70%
423 Tritosor
69%
Motorisé 466 Elekable
67%
171 Lanturn
67%
038 Feunard
66%
170 Loupio
66%
454 Coatox
64%
Torche 037 Goupix
64%
479 Motisma
64%
422 Sancoki
64%
485 Heatran
63%
453 Cradopaud
61%
172 Pichu
61%
093 Spectrum
61%
Lévitation 092 Fantominus
60%
607 Funécire
58%
078 Galopa
58%
609 Lugulabre
58%
077 Ponyta
58%
131 Lokhlass
57%
195 Maraiste
56%
608 Mélancolux
56%
186 Tarpaud
56%
194 Axoloto
54%
112 Rhinoféros
54%
694 Galvaran
53%
604 Ohmassacre
53%
695 Iguolta
52%
464 Rhinastoc
52%
111 Rhinocorne
52%
536 Batracné
51%
537 Crapustule
51%
310 Elecsprint
51%
330 Libégon
51%
535 Tritonde
51%
344 Kaorine
50%
522 Zébibron
50%
523 Zéblitz
50%
602 Anchwatt
49%
603 Lampéroie
49%
343 Balbuto
48%
155 Héricendre
48%
380 Latias
48%
381 Latios
48%
157 Typhlosion
48%
309 Dynavolt
47%
156 Feurisson
47%
105 Ossatueur
47%
437 Archéodong
46%
436 Archéomire
46%
184 Azumarill
46%
229 Démolosse
46%
109 Smogo
46%
110 Smogogo
46%
329 Vibraninf
46%
482 Créfadet
45%
481 Créfollet
45%
480 Créhelf
45%
228 Malosse
45%
Herbivore 183 Marill
45%
118 Poissirène
45%
119 Poissoroy
45%
311 Posipi
45%
705 Colimucus
43%
706 Muplodocus
43%
312 Négapi
43%
298 Azurill
42%
241 Ecrémeuh
42%
704 Mucuscule
42%
104 Osselait
42%
673 Chevroum
41%
488 Cresselia
40%
200 Feuforêve
40%
672 Cabriolaine
39%
226 Démanta
39%
429 Magirêve
39%
586 Haydaim
38%
592 Viskuse
38%
585 Vivaldaim
38%
587 Emolga
37%
487 Giratina origine
37%
457 Luminéon
37%
380 Méga-Latias
37%
381 Méga-Latios
37%
593 Moyade
37%
417 Pachirisu
37%
458 Babimanta
36%
456 Ecayon
36%
626 Frison
36%
Peau Sèche 046 Paras
36%
047 Parasect
36%
337 Séléroc
36%
338 Solaroc
36%
254 Méga-Jungko
34%
105 Ossatueur d'Alola
34%
631 Aflamanoir
33%
201 Zarbi
33%
Lavabo 345 Lilia
31%
777 Togedemaru
31%
346 Vacilys
31%
358 Eoko
30%
433 Korillon
28%
721 Volcanion
28%
203 Girafarig
26%
124 Lippoutou
25%
635 Trioxhydre
25%
331 Cacnéa
23%
332 Cacturne
23%
234 Cerfrousse
23%
642 Fulguris (totemique)
23%
751 Araqua
22%
556 Maracachi
22%
355 Skelénox
22%
752 Tarenbulle
22%
455 Vortente
21%
738 Lucanon
19%
615 Hexagel
14%
780 Draïeul
13%
Aucun quiz correspondant
Distribution des résultats
% des personnes avec chaque résultat
Percentile par nombre de réponses
Votre historique - résultats
Vous n’avez pas pris ce quiz depuis la dernière actualisation